The doctrine of accretion : qualifications, ancient and modern (Record no. 330)

MARC details
000 -LEADER
fixed length control field 01010cab a2200217 4500
001 - CONTROL NUMBER
control field ABS36851
008 - FIXED-LENGTH DATA ELEMENTS--GENERAL INFORMATION
fixed length control field 090401t1986 xxu||||| |||| 00| 0 eng d
035 ## - SYSTEM CONTROL NUMBER
System control number (Sirsi) u656
041 ## - LANGUAGE CODE
Language code of text/sound track or separate title eng
100 ## - MAIN ENTRY--PERSONAL NAME
Personal name Howarth, W.
245 #4 - TITLE STATEMENT
Title The doctrine of accretion : qualifications, ancient and modern
260 ## - PUBLICATION, DISTRIBUTION, ETC.
Date of publication, distribution, etc. 1986
350 ## - PRICE (NR) (BK AM CF MU VM SE) [OBSOLETE]
Price 0
490 ## - SERIES STATEMENT
Series statement Conveyancer & Property Lawyer
Volume/sequential designation July August 1986, p247-256 (10)
520 ## - SUMMARY, ETC.
Summary, etc. The doctrine of accretion is that naturally occuring additions of soil to waterside land become the property of the riparian owner; soil removed by erosion ceases to belong to the riparian owner. Considers the legal position of boundary marks The modern position is that existence, or non-existence, of boundary marks showing original extent of land adjoining water subject to accretion, has no effect upon the acquisition or loss of land due to accretion.
650 ## - SUBJECT ADDED ENTRY--TOPICAL TERM
Topical term or geographic name entry element Boundary disputes
9 (RLIN) 6221
650 ## - SUBJECT ADDED ENTRY--TOPICAL TERM
Topical term or geographic name entry element RIPARIAN RIGHTS
690 ## - LOCAL SUBJECT ADDED ENTRY--TOPICAL TERM (OCLC, RLIN)
Topical term or geographic name as entry element LAND
942 ## - ADDED ENTRY ELEMENTS (KOHA)
Suppress in OPAC 0
948 ## - LOCAL PROCESSING INFORMATION (OCLC); SERIES PART DESIGNATOR (RLIN)
c (OCLC) 04/03/1997
Holdings
Withdrawn status Lost status Source of classification or shelving scheme Damaged status Not for loan Home library Current library Shelving location Date acquired Total Checkouts Full call number Barcode Date last seen Copy number Price effective from Koha item type
    Dewey Decimal Classification     London London Journal article 14/09/1999   ABS36851 656-1001 06/08/2019 1 06/08/2019 Journal article